| 000 | 01235nam a22003137a 4500 | ||
|---|---|---|---|
| 999 |
_c63500 _d63500 |
||
| 005 | 20240530110644.0 | ||
| 008 | 171011s2016 ua ak g b 000 0 ara d | ||
| 017 |
_a2015/9753 _bمصر. دار الكتب |
||
| 020 | _a9789777352727 | ||
| 040 |
_aEG-CaGPL _cEG-CaGPL |
||
| 082 | 0 | 8 |
_221 _a578.09 / _bش ج |
| 100 | 0 | _aشريف حسن محمد النجار | |
| 245 | 1 | 2 |
_aالجغرافيا الحيوية / _cشريف حسن محمد النجار |
| 250 | _aط. 1 | ||
| 260 |
_aالاسكندرية : _bدار الوفاء لدنيا الطباعة و النشر ، _c2016. |
||
| 300 |
_a711 ص. : _bايض ؛ _c24 سم |
||
| 504 | _aيشتمل على ارجاعات ببليوجرافية | ||
| 650 | 0 | 7 |
_2qrmak _aالجغرافيا الحيوية |
| 650 | 0 | 7 |
_2qrmak _aالجغرافيا البشرية |
| 650 | 0 | 7 |
_2qrmak _aالاحصائيات الحيوية |
| 650 | 0 | 7 |
_2qrmak _aالحيوانات _xالتوزيع الجغرافى |
| 650 | 0 | 7 |
_2qrmak _aالنباتات _xالتوزيع الجغرافى |
| 650 | 0 | 7 |
_2qrmak _aالمناخ |
| 650 | 0 | 7 |
_2qrmak _aحماية البيئة |
| 650 | 0 | 7 |
_2qrmak _aتلوث البيئة |
| 651 | _2qrmak | ||
| 942 |
_2ddc _cBK |
||